Auriez-vous votre certificat d'études ? - Statistiques

Statistiques générales
  • Ce quiz a été pris 214 fois
  • Le résultat moyen est 11 sur 30
Statistiques - réponses
Question Réponse % Correct
Institutions - Quel ordre est exact dans la hiérarchie de l'armée de terre ? Du moins gradé au plus gradé caporal - sergent - adjudant - capitaine - colonel
67%
Géographie - Quel fromage n'est pas correctement associé à sa région ? Haute-Savoie / Roquefort
67%
Géographie - Quel est le chef-lieu du Doubs ? Besançon
61%
Biologie - Quel os n'est pas dans le bras ou l'avant-bras ? Fémur
61%
Institutions - La loi fondamentale d'un Etat est la constitution
61%
Géographie - Quelles mers ou océans relient le canal de Suez ? La mer rouge et la Méditerranée
61%
Cuisine - Une confiture dont la proportion de fruits est plus élevée que celle de sucre est ? une marmelade
61%
Sciences - Quel est le nom du bacille responsable de la tuberculose ? de Koch
56%
Travail manuel - Quels artisans utilisent une varlope, une herminette ou un riflard , les charpentiers
56%
Histoire - Ecrire 1814 en chiffres romains MDCCCXIV
56%
Calcul - Un père a 26 ans, son fils a 3 ans, dans combien de temps l'âge du père sera le double de celui du fils ? 20 ans
44%
Histoire - Pendant la guerre de 1870, quelle victoire est remportée par l'Armée de la Loire ? Coulmiers
39%
Français - Quel écrivain n'est pas correctement associé à son siècle ? Emile Zola / XVIIIe
39%
Français - Quelle est la nature du mot "qui" dans la phrase "voici une assemblée aux yeux clairs et francs, des yeux qui soient prêts à la pitié comme au sourire" pronom relatif
39%
Français - "Pas à pas, vers les grèves de l'aval, Rémi descendait en pêchant". Que sont les "grèves" ? des terrains couverts de gravier en bordure de rivière
33%
Sciences - Dans quel sens tourne la Terre ? D'ouest en est
33%
Vocabulaire : On ne me coupe pas avec un couteau, mais on me rompt avec les doigts. On me porte à la bouche par petits morceaux, car on ne doit pas me reposer ensuite. Je suis... le pain
33%
Calcul - Dans une boîte de 1 kg de sucre, les morceaux sont disposés en trois couches superposées constituées chacune par quatre rangées de quinze morceaux. Pour préparer un gâteau, une cuisinière doit incorporer à la pâte 200 g de sucre mais ne dispose ni de sucre en poudre, ni de balance. Combien de morceaux de sucre entiers doit-elle utiliser ? 36
28%
Français - Quelle est la nature et la fonction du mot "premières" dans le texte : "J'ai retenu les premières paroles du maître. Aussitôt après la rentrée, comme nous avions les yeux fixés sur lui, il a paru content." ? adjectif féminin pluriel adjectif épithète
28%
Sciences - Comment se nomme la partie extérieure de l'oreille ? le pavillon
28%
Sciences - Trouvez le champignon parmi ces fleurs russule
28%
Calcul - Quel est le tiers et demi de 25 12,5
22%
Sciences - De quel minerai extrait-on l'aluminium ? bauxite
22%
Histoire - Combien y-a-t-il eu de croisades ? 8
17%
Géographie - Complétez cette phrase : "Les eaux du lac (...) tombent dans le lac (...) par les chutes du Niagara Erié / Ontario
17%
Histoire - Qui a été l'architecte principal du château de Versailles sous Louis XIV ? Le Vau
17%
Français - Conjuguez "plaire" à la première personne du pluriel de l'imparfait du subjonctif que nous plussions
17%
Géographie - Dans quelle région extrait-on de la potasse ? Grand-Est
11%
Français - Conjuguez "résoudre" à la première personne du singulier du présent de l'indicatif Je résous
11%
Histoire - Comment se nomme l'ensemble des règles organisant la vie à Versailles ? l'étiquette
11%
Aucun quiz correspondant
Distribution des résultats
% des personnes avec chaque résultat
Percentile par nombre de réponses
Votre historique - résultats
Vous n’avez pas pris ce quiz